000 00563nam a2200193Ia 4500
003 IN-BaIIA
008 211028s9999 xx 000 0 eng d
020 _a0-521-58868-5
040 _cIIA Library
080 _a535
_bSHA
100 _aShannon, Robert R
_911629
245 4 _aThe art and science of optical design
_cRobert R. Shannon
260 _aCambridge
_bCambridge University Press
_c1997
300 _axiv, 614p.
650 _aAbberations
_921596
650 _aOptical design
650 _aOptics
942 _cBK
999 _c12350
_d12350